東京23区内の駅 - Statistics

General Stats
  • This quiz has been taken 4,205 times
    4,201 since last reset
  • The average score is 439 of 729
Answer Stats
路線名 ナンバリング % Correct
JR東海道線 JT 01 東京
98%
JR横須賀線 JO 19 東京
98%
JR総武快速線 JO 19 東京
98%
JR京浜東北線 JK 26 東京
98%
JR山手線 JY 01 東京
98%
JR中央快速線 JC 01 東京
98%
JR京葉線 JE 01 東京
98%
JR宇都宮線 JU 01 東京
98%
JR高崎線 JU 01 東京
98%
JR東北新幹線 東京
98%
JR東海道新幹線 東京
98%
東京メトロ丸ノ内線 M17 東京
98%
JR東海道線 JT 03 品川
97%
JR横須賀線 JO 17 品川
97%
JR湘南新宿ライン JS 20 新宿
97%
JR京浜東北線 JK 20 品川
97%
JR山手線 JY 17 新宿
97%
JR山手線 JY 25 品川
97%
JR中央快速線 JC 05 新宿
97%
JR中央総武線 JB 10 新宿
97%
JR埼京線 JA 11 新宿
97%
JR東海道新幹線 品川
97%
東京メトロ丸ノ内線 M08 新宿
97%
都営新宿線 S01 新宿
97%
都営大江戸線 E27 新宿
97%
京急本線 KK01 品川
97%
小田急小田原線 OH01 新宿
97%
京王京王線 KO01 新宿
97%
京王新線 KO01 新宿
97%
JR湘南新宿ライン JS 19 渋谷
96%
JR山手線 JY 20 渋谷
96%
JR埼京線 JA 10 渋谷
96%
東京メトロ銀座線 G01 渋谷
96%
東京メトロ半蔵門線 Z01 渋谷
96%
東京メトロ副都心線 F16 渋谷
96%
東急東横線 TY01 渋谷
96%
東急田園都市線 DT01 渋谷
96%
京王井の頭線 IN01 渋谷
96%
JR湘南新宿ライン JS 21 池袋
95%
JR京浜東北線 JK 30 上野
95%
JR山手線 JY 05 上野
95%
JR山手線 JY 13 池袋
95%
JR埼京線 JA 12 池袋
95%
JR常磐快速線 JJ 01 上野
95%
JR宇都宮線 JU 02 上野
95%
JR高崎線 JU 02 上野
95%
JR東北新幹線 上野
95%
東京メトロ銀座線 G16 上野
95%
東京メトロ丸ノ内線 M25 池袋
95%
東京メトロ日比谷線 H18 上野
95%
東京メトロ有楽町線 Y09 池袋
95%
東京メトロ副都心線 F09 池袋
95%
西武池袋線 SI01 池袋
95%
東武東上線 TJ01 池袋
95%
JR東海道線 JT 02 新橋
93%
JR横須賀線 JO 18 新橋
93%
JR京浜東北線 JK 32 日暮里
93%
JR京浜東北線 JK 24 新橋
93%
JR山手線 JY 07 日暮里
93%
JR山手線 JY 22 目黒
93%
JR山手線 JY 29 新橋
93%
JR常磐快速線 JJ 02 日暮里
93%
東京メトロ銀座線 G08 新橋
93%
東京メトロ南北線 N01 目黒
93%
都営浅草線 A10 新橋
93%
都営三田線 I01 目黒
93%
日暮里・舎人ライナー NT01 日暮里
93%
東急目黒線 MG01 目黒
93%
京成本線 KS02 日暮里
93%
ゆりかもめ U-01 新橋
93%
JR京浜東北線 JK 28 秋葉原
92%
JR山手線 JY 03 秋葉原
92%
JR中央総武線 JB 19 秋葉原
92%
東京メトロ日比谷線 H16 秋葉原
92%
つくばエクスプレス線 TX01 秋葉原
92%
JR京浜東北線 JK 33 西日暮里
91%
JR京浜東北線 JK 27 神田
91%
JR京浜東北線 JK 25 有楽町
91%
JR山手線 JY 02 神田
91%
JR山手線 JY 08 西日暮里
91%
JR山手線 JY 18 代々木
91%
JR山手線 JY 30 有楽町
91%
JR中央快速線 JC 02 神田
91%
JR中央総武線 JB 11 代々木
91%
東京メトロ銀座線 G13 神田
91%
東京メトロ千代田線 C16 西日暮里
91%
東京メトロ有楽町線 Y18 有楽町
91%
都営大江戸線 E26 代々木
91%
日暮里・舎人ライナー NT02 西日暮里
91%
JR京浜東北線 JK 21 高輪ゲートウェイ
90%
JR山手線 JY 19 原宿
90%
JR山手線 JY 26 高輪ゲートウェイ
90%
JR湘南新宿ライン JS 17 大崎
89%
JR京浜東北線 JK 29 御徒町
89%
JR山手線 JY 04 御徒町
89%
JR山手線 JY 15 高田馬場
89%
JR山手線 JY 24 大崎
89%
JR埼京線 JA 08 大崎
89%
東京臨海高速鉄道りんかい線 R08 大崎
89%
東京メトロ銀座線 G19 浅草
89%
東京メトロ東西線 T03 高田馬場
89%
都営浅草線 A18 浅草
89%
西武新宿線 SS02 高田馬場
89%
東武スカイツリーライン TS01 浅草
89%
つくばエクスプレス線 TX03 浅草
89%
JR湘南新宿ライン JS 18 恵比寿
88%
JR京浜東北線 JK 23 浜松町
88%
JR山手線 JY 14 目白
88%
JR山手線 JY 16 新大久保
88%
JR山手線 JY 21 恵比寿
88%
JR山手線 JY 28 浜松町
88%
JR埼京線 JA 09 恵比寿
88%
東京メトロ日比谷線 H02 恵比寿
88%
JR湘南新宿ライン JS 22 赤羽
87%
JR京浜東北線 JK 38 赤羽
87%
JR京浜東北線 JK 31 鶯谷
87%
JR京浜東北線 JK 22 田町
87%
JR山手線 JY 06 鶯谷
87%
JR山手線 JY 23 五反田
87%
JR山手線 JY 27 田町
87%
JR中央快速線 JC 06 中野
87%
JR中央総武線 JB 07 中野
87%
JR埼京線 JA 15 赤羽
87%
JR宇都宮線 JU 04 赤羽
87%
JR高崎線 JU 04 赤羽
87%
東京メトロ東西線 T01 中野
87%
都営浅草線 A05 五反田
87%
東急池上線 IK01 五反田
87%
JR山手線 JY 11 巣鴨
86%
都営三田線 I15 巣鴨
86%
JR京浜東北線 JK 34 田端
85%
JR京浜東北線 JK 19 大井町
85%
JR山手線 JY 09 田端
85%
JR山手線 JY 10 駒込
85%
JR山手線 JY 12 大塚
85%
JR中央快速線 JC 03 御茶ノ水
85%
JR中央総武線 JB 18 御茶ノ水
85%
JR常磐快速線 JJ 05 北千住
85%
東京臨海高速鉄道りんかい線 R07 大井町
85%
東京メトロ丸ノ内線 M20 御茶ノ水
85%
東京メトロ日比谷線 H22 北千住
85%
東京メトロ千代田線 C18 北千住
85%
東京メトロ南北線 N14 駒込
85%
東急大井町線 OM01 大井町
85%
東武スカイツリーライン TS09 北千住
85%
つくばエクスプレス線 TX05 北千住
85%
JR総武快速線 JO 22 錦糸町
83%
JR中央快速線 JC 04 四ツ谷
83%
JR中央総武線 JB 14 四ツ谷
83%
JR中央総武線 JB 22 錦糸町
83%
東京メトロ銀座線 G09 銀座
83%
東京メトロ丸ノ内線 M12 四ツ谷
83%
東京メトロ丸ノ内線 M16 銀座
83%
東京メトロ日比谷線 H09 銀座
83%
東京メトロ半蔵門線 Z13 錦糸町
83%
東京メトロ南北線 N08 四ツ谷
83%
JR京浜東北線 JK 17 蒲田
82%
JR中央快速線 JC 09 荻窪
82%
JR中央総武線 JB 04 荻窪
82%
JR中央総武線 JB 16 飯田橋
82%
JR中央総武線 JB 17 水道橋
82%
東京メトロ丸ノ内線 M01 荻窪
82%
東京メトロ東西線 T06 飯田橋
82%
東京メトロ有楽町線 Y13 飯田橋
82%
東京メトロ南北線 N10 飯田橋
82%
都営三田線 I11 水道橋
82%
都営大江戸線 E06 飯田橋
82%
東急池上線 IK15 蒲田
82%
東急多摩川線 TM07 蒲田
82%
JR京葉線 JE 05 新木場
81%
東京臨海高速鉄道りんかい線 R01 新木場
81%
東京メトロ有楽町線 Y24 新木場
81%
東京メトロ半蔵門線 Z14 押上
81%
都営浅草線 A20 押上
81%
東武スカイツリーライン TS03 押上
81%
京成押上線 KS45 押上
81%
JR常磐快速線 JJ 04 南千住
80%
東京メトロ丸ノ内線 M18 大手町
80%
東京メトロ日比谷線 H21 南千住
80%
東京メトロ東西線 T09 大手町
80%
東京メトロ千代田線 C11 大手町
80%
東京メトロ半蔵門線 Z08 大手町
80%
都営三田線 I09 大手町
80%
つくばエクスプレス線 TX04 南千住
80%
JR埼京線 JA 13 板橋
79%
JR中央総武線 JB 21 両国
78%
JR中央総武線 JB 23 亀戸
78%
東京メトロ丸ノ内線 M09 新宿三丁目
78%
東京メトロ副都心線 F13 新宿三丁目
78%
都営新宿線 S02 新宿三丁目
78%
都営大江戸線 E12 両国
78%
東武亀戸線 TS44 亀戸
78%
JR中央快速線 JC 08 阿佐ヶ谷
77%
JR中央総武線 JB 05 阿佐ヶ谷
77%
JR中央総武線 JB 09 大久保
77%
東京メトロ東西線 T17 葛西
77%
JR総武快速線 JO 23 新小岩
76%
JR中央快速線 JC 07 高円寺
76%
JR中央快速線 JC 10 西荻窪
76%
JR中央総武線 JB 03 西荻窪
76%
JR中央総武線 JB 06 高円寺
76%
JR中央総武線 JB 25 新小岩
76%
東京メトロ日比谷線 H01 中目黒
76%
東京メトロ日比谷線 H08 日比谷
76%
東京メトロ千代田線 C09 日比谷
76%
都営三田線 I08 日比谷
76%
東急東横線 TY03 中目黒
76%
JR京浜東北線 JK 36 王子
75%
JR京浜東北線 JK 18 大森
75%
JR中央総武線 JB 08 東中野
75%
JR中央総武線 JB 20 浅草橋
75%
東京メトロ銀座線 G11 日本橋
75%
東京メトロ東西線 T10 日本橋
75%
東京メトロ千代田線 C01 代々木上原
75%
東京メトロ千代田線 C06 赤坂
75%
東京メトロ有楽町線 Y22 豊洲
75%
東京メトロ南北線 N16 王子
75%
都営浅草線 A13 日本橋
75%
都営浅草線 A16 浅草橋
75%
都営大江戸線 E31 東中野
75%
小田急小田原線 OH05 代々木上原
75%
ゆりかもめ U-16 豊洲
75%
JR常磐線各停車 JL 19 綾瀬
74%
東京メトロ銀座線 G02 表参道
74%
東京メトロ千代田線 C04 表参道
74%
東京メトロ千代田線 C19 綾瀬
74%
東京メトロ半蔵門線 Z02 表参道
74%
都営浅草線 A08 三田
74%
都営三田線 I04 三田
74%
JR中央総武線 JB 15 市ケ谷
73%
JR中央総武線 JB 26 小岩
73%
JR京葉線 JE 06 葛西臨海公園
73%
東京メトロ丸ノ内線 M14 国会議事堂前
73%
東京メトロ日比谷線 H04 六本木
73%
東京メトロ東西線 T04 早稲田
73%
東京メトロ千代田線 C07 国会議事堂前
73%
東京メトロ有楽町線 Y14 市ケ谷
73%
東京メトロ南北線 N09 市ケ谷
73%
都営新宿線 S04 市ケ谷
73%
都営大江戸線 E23 六本木
73%
都電荒川線 SA30 早稲田
73%
JR総武快速線 JO 21 馬喰町
72%
JR中央総武線 JB 12 千駄ヶ谷
72%
JR中央総武線 JB 13 信濃町
72%
JR常磐線各停車 JL 21 金町
72%
東京メトロ丸ノ内線 M07 西新宿
72%
JR京葉線 JE 02 八丁堀
71%
東京メトロ銀座線 G04 青山一丁目
71%
東京メトロ丸ノ内線方南町支線 Mb03 方南町
71%
東京メトロ日比谷線 H12 八丁堀
71%
東京メトロ半蔵門線 Z03 青山一丁目
71%
都営大江戸線 E24 青山一丁目
71%
都営大江戸線 E35 練馬
71%
西武池袋線 SI06 練馬
71%
西武有楽町線 SI06 練馬
71%
西武豊島線 SI06 練馬
71%
JR総武快速線 JO 20 新日本橋
70%
JR埼京線 JA 14 十条
70%
東京メトロ銀座線 G07 虎ノ門
70%
東京メトロ銀座線 G05 赤坂見附
69%
東京メトロ丸ノ内線 M13 赤坂見附
69%
東京メトロ千代田線 C03 明治神宮前
69%
東京メトロ半蔵門線 Z05 半蔵門
69%
東京メトロ副都心線 F15 明治神宮前
69%
JR京浜東北線 JK 37 東十条
68%
JR常磐線各停車 JL 20 亀有
68%
JR宇都宮線 JU 03 尾久
68%
JR高崎線 JU 03 尾久
68%
東京臨海高速鉄道りんかい線 R05 天王洲アイル
68%
東京モノレール羽田空港線 MO02 天王洲アイル
68%
東京メトロ東西線 T07 九段下
68%
東京メトロ有楽町線 Y16 永田町
68%
東京メトロ半蔵門線 Z04 永田町
68%
東京メトロ半蔵門線 Z06 九段下
68%
東京メトロ南北線 N07 永田町
68%
都営新宿線 S05 九段下
68%
東京臨海高速鉄道りんかい線 R04 東京テレポート
67%
東京メトロ丸ノ内線 M22 後楽園
67%
東京メトロ南北線 N11 後楽園
67%
東急世田谷線 SG05 世田谷
67%
小田急小田原線 OH07 下北沢
67%
京王井の頭線 IN05 下北沢
67%
JR湘南新宿ライン JS 16 西大井
66%
東京メトロ丸ノ内線 M06 中野坂上
66%
都営浅草線 A07 泉岳寺
66%
都営大江戸線 E30 中野坂上
66%
京急本線 泉岳寺
66%
東急東横線 TY09 多摩川
66%
東急目黒線 MG09 多摩川
66%
東急多摩川線 TM01 多摩川
66%
東京臨海高速鉄道りんかい線 R03 国際展示場
65%
東京メトロ日比谷線 H11 築地
65%
東京メトロ千代田線 C20 北綾瀬
65%
東京メトロ半蔵門線 Z07 神保町
65%
東京メトロ南北線 N03 白金高輪
65%
東京メトロ副都心線 F12 東新宿
65%
都営三田線 I03 白金高輪
65%
都営三田線 I10 神保町
65%
都営新宿線 S06 神保町
65%
都営大江戸線 E02 東新宿
65%
都営大江戸線 E28 都庁前
65%
京急本線 KK11 京急蒲田
65%
京急空港線 KK11 京急蒲田
65%
JR京葉線 JE 03 越中島
64%
東京メトロ千代田線 C02 代々木公園
64%
東京メトロ千代田線 C12 新御茶ノ水
64%
東京メトロ有楽町線 Y02 地下鉄成増
64%
東京メトロ有楽町線 Y06 小竹向原
64%
東京メトロ副都心線 F02 地下鉄成増
64%
東京メトロ副都心線 F06 小竹向原
64%
東急田園都市線 DT03 三軒茶屋
64%
東急世田谷線 SG01 三軒茶屋
64%
西武有楽町線 SI37 小竹向原
64%
東京モノレール羽田空港線 MO10 羽田空港第1ターミナル
63%
東京メトロ銀座線 G12 三越前
63%
東京メトロ日比谷線 H06 虎ノ門ヒルズ
63%
東京メトロ日比谷線 H10 東銀座
63%
東京メトロ東西線 T16 西葛西
63%
東京メトロ半蔵門線 Z09 三越前
63%
東京メトロ南北線 N02 白金台
63%
東京メトロ南北線 N19 赤羽岩淵
63%
都営浅草線 A11 東銀座
63%
都営三田線 I02 白金台
63%
埼玉高速鉄道線 SR19 赤羽岩淵
63%
東急東横線 TY07 自由が丘
63%
東急大井町線 OM10 自由が丘
63%
京王京王線 KO06 明大前
63%
京王井の頭線 IN08 明大前
63%
JR常磐快速線 JJ 03 三河島
62%
東京メトロ銀座線 G06 溜池山王
62%
東京メトロ丸ノ内線 M15 霞ケ関
62%
東京メトロ日比谷線 H07 霞ケ関
62%
東京メトロ千代田線 C08 霞ケ関
62%
東京メトロ有楽町線 Y03 地下鉄赤塚
62%
東京メトロ有楽町線 Y10 東池袋
62%
東京メトロ南北線 N06 溜池山王
62%
東京メトロ副都心線 F03 地下鉄赤塚
62%
都営大江戸線 E19 汐留
62%
西武新宿線 SS01 西武新宿
62%
ゆりかもめ U-02 汐留
62%
JR埼京線 JA 16 北赤羽
61%
JR埼京線 JA 17 浮間舟渡
61%
JR京葉線 JE 04 潮見
61%
東京モノレール羽田空港線 MO07 天空橋
61%
東京モノレール羽田空港線 MO11 羽田空港第2ターミナル
61%
東京メトロ銀座線 G03 外苑前
61%
東京メトロ丸ノ内線 M23 茗荷谷
61%
東京メトロ東西線 T02 落合
61%
東京メトロ有楽町線 Y21 月島
61%
都営浅草線 A09 大門
61%
都営三田線 I25 高島平
61%
都営大江戸線 E16 月島
61%
都営大江戸線 E20 大門
61%
都営大江戸線 E36 豊島園
61%
京急空港線 KK15 天空橋
61%
東急田園都市線 DT07 二子玉川
61%
東急大井町線 OM15 二子玉川
61%
西武豊島線 SI39 豊島園
61%
JR京浜東北線 JK 35 上中里
60%
東京メトロ銀座線 G15 上野広小路
60%
東京メトロ半蔵門線 Z11 清澄白河
60%
東京メトロ南北線 N12 東大前
60%
東京メトロ副都心線 F11 西早稲田
60%
都営浅草線 A01 西馬込
60%
都営三田線 I27 西高島平
60%
都営大江戸線 E14 清澄白河
60%
JR中央総武線 JB 24 平井
59%
東京モノレール羽田空港線 MO08 羽田空港第3ターミナル
59%
東京メトロ東西線 T12 門前仲町
59%
東京メトロ東西線 T14 東陽町
59%
東京メトロ千代田線 C05 乃木坂
59%
東京メトロ有楽町線 Y19 銀座一丁目
59%
都営大江戸線 E10 新御徒町
59%
都営大江戸線 E15 門前仲町
59%
都営大江戸線 E38 光が丘
59%
京急本線 KK02 北品川
59%
京急空港線 KK16 羽田空港第3ターミナル
59%
東急東横線 TY08 田園調布
59%
東急目黒線 MG08 田園調布
59%
京成本線 KS01 京成上野
59%
つくばエクスプレス線 TX02 新御徒町
59%
東京メトロ丸ノ内線 M21 本郷三丁目
58%
東京メトロ東西線 T05 神楽坂
58%
東京メトロ東西線 T13 木場
58%
都営浅草線 A02 馬込
58%
都営大江戸線 E08 本郷三丁目
58%
東急東横線 TY05 学芸大学
58%
小田急小田原線 OH02 南新宿
58%
京成本線 KS12 江戸川
58%
東京臨海高速鉄道りんかい線 R02 東雲
57%
東京メトロ丸ノ内線 M03 新高円寺
57%
東京メトロ日比谷線 H03 広尾
57%
東京メトロ日比谷線 H14 人形町
57%
東京メトロ日比谷線 H20 三ノ輪
57%
東京メトロ千代田線 C17 町屋
57%
東京メトロ有楽町線 Y17 桜田門
57%
都営浅草線 A14 人形町
57%
都営三田線 I12 春日
57%
都営大江戸線 E07 春日
57%
日暮里・舎人ライナー NT12 舎人
57%
東急東横線 TY02 代官山
57%
東急東横線 TY06 都立大学
57%
京成本線 KS04 町屋
57%
東京臨海高速鉄道りんかい線 R06 品川シーサイド
56%
東京モノレール羽田空港線 MO06 整備場
56%
東京メトロ丸ノ内線方南町支線 Mb04 中野富士見町
56%
東京メトロ千代田線 C10 二重橋前
56%
東京メトロ千代田線 C13 湯島
56%
東京メトロ千代田線 C14 根津
56%
東京メトロ有楽町線 Y08 要町
56%
東京メトロ南北線 N04 麻布十番
56%
東京メトロ副都心線 F08 要町
56%
都営大江戸線 E01 新宿西口
56%
都営大江戸線 E22 麻布十番
56%
東京メトロ丸ノ内線 M10 新宿御苑前
55%
東京メトロ丸ノ内線 M11 四谷三丁目
55%
東京メトロ丸ノ内線 M24 新大塚
55%
東京メトロ日比谷線 H13 茅場町
55%
東京メトロ東西線 T08 竹橋
55%
東京メトロ東西線 T11 茅場町
55%
東京メトロ千代田線 C15 千駄木
55%
東京メトロ半蔵門線 Z10 水天宮前
55%
東京メトロ半蔵門線 Z12 住吉
55%
東京メトロ南北線 N05 六本木一丁目
55%
東京メトロ副都心線 F14 北参道
55%
都営三田線 I26 新高島平
55%
都営新宿線 S13 住吉
55%
都営大江戸線 E09 上野御徒町
55%
東京メトロ銀座線 G18 田原町
54%
東京メトロ東西線 T15 南砂町
54%
東京メトロ有楽町線 Y07 千川
54%
東京メトロ副都心線 F07 千川
54%
都営浅草線 A04 戸越
54%
都営新宿線 S15 大島
54%
京王京王線 KO04 笹塚
54%
京王新線 KO04 笹塚
54%
東京メトロ銀座線 G10 京橋
53%
東京メトロ銀座線 G17 稲荷町
53%
東京メトロ丸ノ内線 M19 淡路町
53%
東京メトロ有楽町線 Y23 辰巳
53%
東京メトロ副都心線 F10 雑司が谷
53%
都営三田線 I18 板橋区役所前
53%
都営新宿線 S09 馬喰横山
53%
ゆりかもめ U-07 台場
53%
東京モノレール羽田空港線 MO01 モノレール浜松町
52%
東京モノレール羽田空港線 MO09 新整備場
52%
東京メトロ丸ノ内線 M05 新中野
52%
東京メトロ日比谷線 H17 仲御徒町
52%
東京メトロ有楽町線 Y04 平和台
52%
東京メトロ有楽町線 Y15 麹町
52%
東京メトロ南北線 N17 王子神谷
52%
東京メトロ副都心線 F04 平和台
52%
京急本線 KK04 青物横丁
52%
東急田園都市線 DT02 池尻大橋
52%
東武スカイツリーライン TS13 西新井
52%
東武大師線 TS13 西新井
52%
京成本線 KS09 青砥
52%
京成押上線 KS09 青砥
52%
京成金町線 KS51 京成金町
52%
ゆりかもめ U-12 有明
52%
東京メトロ丸ノ内線 M04 東高円寺
51%
東京メトロ日比谷線 H05 神谷町
51%
東京メトロ有楽町線 Y05 氷川台
51%
東京メトロ副都心線 F05 氷川台
51%
都営浅草線 A17 蔵前
51%
都営三田線 I05 芝公園
51%
都営新宿線 S08 岩本町
51%
都営大江戸線 E11 蔵前
51%
都営大江戸線 E25 国立競技場
51%
東急目黒線 MG06 大岡山
51%
東急大井町線 OM08 大岡山
51%
東急世田谷線 SG10 下高井戸
51%
京王京王線 KO07 下高井戸
51%
京王井の頭線 IN03 駒場東大前
51%
東京メトロ銀座線 G14 末広町
50%
東京メトロ丸ノ内線方南町支線 Mb05 中野新橋
50%
東京メトロ有楽町線 Y11 護国寺
50%
都営浅草線 A03 中延
50%
都営浅草線 A06 高輪台
50%
都営新宿線 S03 曙橋
50%
東急大井町線 OM04 中延
50%
京王新線 KO02 初台
50%
東武スカイツリーライン TS02 とうきょうスカイツリー
50%
東武スカイツリーライン TS04 曳舟
50%
東武亀戸線 TS04 曳舟
50%
東武東上線 TJ10 成増
50%
東京メトロ日比谷線 H19 入谷
49%
東京メトロ有楽町線 Y12 江戸川橋
49%
都営三田線 I06 御成門
49%
都営新宿線 S16 東大島
49%
都営大江戸線 E17 勝どき
49%
京急本線 KK08 平和島
49%
東急東横線 TY04 祐天寺
49%
小田急小田原線 OH04 代々木八幡
49%
小田急小田原線 OH14 成城学園前
49%
京王井の頭線 IN02 神泉
49%
西武池袋線 SI10 石神井公園
49%
東京メトロ丸ノ内線 M02 南阿佐ケ谷
48%
東京メトロ南北線 N13 本駒込
48%
都営浅草線 A15 東日本橋
48%
都営浅草線 A19 本所吾妻橋
48%
都営新宿線 S11 森下
48%
都営新宿線 S14 西大島
48%
都営大江戸線 E05 牛込神楽坂
48%
都営大江戸線 E13 森下
48%
都営大江戸線 E18 築地市場
48%
京急空港線 KK17 羽田空港第1・第2ターミナル
48%
東急池上線 IK13 池上
48%
東武大師線 TS51 大師前
48%
京成本線 KS10 京成高砂
48%
京成金町線 KS10 京成高砂
48%
京成成田空港線 KS10 京成高砂
48%
北総鉄道北総線 京成高砂
48%
都営新宿線 S07 小川町
47%
東急田園都市線 DT04 駒沢大学
47%
東急田園都市線 DT05 桜新町
47%
京王京王線 KO12 千歳烏山
47%
東京メトロ有楽町線 Y20 新富町
46%
東京メトロ南北線 N18 志茂
46%
都営三田線 I13 白山
46%
都営三田線 I22 志村三丁目
46%
京急本線 KK05 鮫洲
46%
小田急小田原線 OH06 東北沢
46%
小田急小田原線 OH11 経堂
46%
東京モノレール羽田空港線 MO03 大井競馬場前
45%
都営浅草線 A12 宝町
45%
都営三田線 I17 新板橋
45%
都営大江戸線 E32 中井
45%
東急田園都市線 DT06 用賀
45%
京王新線 KO03 幡ヶ谷
45%
西武新宿線 SS04 中井
45%
東武東上線 TJ02 北池袋
45%
都営三田線 I07 内幸町
44%
都営三田線 I16 西巣鴨
44%
都営三田線 I19 板橋本町
44%
都営大江戸線 E04 牛込柳町
44%
都営大江戸線 E21 赤羽橋
44%
都営大江戸線 E33 落合南長崎
44%
京急本線 KK07 大森海岸
44%
東急目黒線 MG03 武蔵小山
44%
東急池上線 IK03 戸越銀座
44%
東京メトロ日比谷線 H15 小伝馬町
43%
東京メトロ南北線 N15 西ケ原
43%
都営三田線 I21 志村坂上
43%
都営新宿線 S19 瑞江
43%
都営大江戸線 E29 西新宿五丁目
43%
京急本線 KK19 六郷土手
43%
小田急小田原線 OH03 参宮橋
43%
小田急小田原線 OH10 豪徳寺
43%
東武東上線 TJ07 上板橋
43%
ゆりかもめ U-13 有明テニスの森
43%
都営新宿線 S18 一之江
42%
都電荒川線 SA01 三ノ輪橋
42%
京急本線 KK03 新馬場
42%
小田急小田原線 OH08 世田谷代田
42%
京成金町線 KS50 柴又
42%
都営新宿線 S20 篠崎
41%
東急大井町線 OM06 旗の台
41%
東急池上線 IK05 旗の台
41%
小田急小田原線 OH12 千歳船橋
41%
京王京王線 KO09 上北沢
41%
京王井の頭線 IN09 永福町
41%
都電荒川線 SA16 王子駅前
40%
都電荒川線 SA23 大塚駅前
40%
日暮里・舎人ライナー NT11 舎人公園
40%
東急大井町線 OM13 等々力
40%
小田急小田原線 OH13 祖師ヶ谷大蔵
40%
西武有楽町線 SI38 新桜台
40%
西武新宿線 SS13 上石神井
40%
東武東上線 TJ03 下板橋
40%
ゆりかもめ U-06 お台場海浜公園
40%
東京モノレール羽田空港線 MO05 昭和島
39%
都営三田線 I14 千石
39%
都営新宿線 S10 浜町
39%
都営新宿線 S17 船堀
39%
日暮里・舎人ライナー NT13 見沼代親水公園
39%
東急目黒線 MG02 不動前
39%
京王京王線 KO05 代田橋
39%
西武池袋線 SI04 江古田
39%
西武池袋線 SI11 大泉学園
39%
東武東上線 TJ08 東武練馬
39%
都営三田線 I23 蓮根
38%
都営三田線 I24 西台
38%
都営大江戸線 E34 新江古田
38%
都営大江戸線 E37 練馬春日町
38%
京急空港線 KK14 穴守稲荷
38%
東急目黒線 MG05 洗足
38%
京王京王線 KO08 桜上水
38%
京王井の頭線 IN12 高井戸
38%
西武池袋線 SI02 椎名町
38%
西武池袋線 SI05 桜台
38%
東武スカイツリーライン TS14 竹ノ塚
38%
ゆりかもめ U-11 東京ビッグサイト
38%
ゆりかもめ U-15 新豊洲
38%
都営大江戸線 E03 若松河田
37%
京急空港線 KK12 糀谷
37%
東急目黒線 MG07 奥沢
37%
東急池上線 IK02 大崎広小路
37%
東急池上線 IK09 雪が谷大塚
37%
京王井の頭線 IN14 久我山
37%
東武スカイツリーライン TS07 堀切
37%
都営新宿線 S12 菊川
36%
京急本線 KK18 雑色
36%
京成本線 KS03 新三河島
36%
京成本線 KS05 千住大橋
36%
つくばエクスプレス線 TX07 六町
36%
東京モノレール羽田空港線 MO04 流通センター
35%
京急本線 KK09 大森町
35%
京急本線 KK10 梅屋敷
35%
京急空港線 KK13 大鳥居
35%
東急大井町線 OM11 九品仏
35%
小田急小田原線 OH15 喜多見
35%
京王井の頭線 IN10 西永福
35%
東武東上線 TJ04 大山
35%
京成本線 KS08 お花茶屋
35%
都営三田線 I20 本蓮沼
34%
京急本線 KK06 立会川
34%
東急目黒線 MG04 西小山
34%
小田急小田原線 OH09 梅ヶ丘
34%
西武池袋線 SI03 東長崎
34%
西武池袋線 SI09 練馬高野台
34%
東武東上線 TJ05 中板橋
34%
京王京王線 KO11 芦花公園
33%
東武スカイツリーライン TS08 牛田
33%
東武東上線 TJ09 下赤塚
33%
京成押上線 KS46 京成曳舟
33%
ゆりかもめ U-14 市場前
33%
西武新宿線 SS03 下落合
32%
西武新宿線 SS09 鷺ノ宮
32%
東武スカイツリーライン TS06 鐘ヶ淵
32%
東武スカイツリーライン TS10 小菅
32%
京成本線 KS07 堀切菖蒲園
32%
つくばエクスプレス線 TX06 青井
32%
都電荒川線 SA09 熊野前
31%
日暮里・舎人ライナー NT04 熊野前
31%
日暮里・舎人ライナー NT09 西新井大師西
31%
東急池上線 IK04 荏原中延
31%
東急世田谷線 SG08 山下
31%
京王京王線 KO10 八幡山
31%
京王井の頭線 IN06 新代田
31%
西武新宿線 SS08 都立家政
31%
東武亀戸線 TS43 亀戸水神
31%
京成押上線 KS49 京成立石
31%
都電荒川線 SA06 町屋駅前
30%
東急大井町線 OM09 緑が丘
30%
東急大井町線 OM14 上野毛
30%
西武新宿線 SS10 下井草
30%
西武新宿線 SS12 上井草
30%
東武亀戸線 TS42 東あずま
30%
北総鉄道北総線 HS01 新柴又
30%
ゆりかもめ U-09 テレコムセンター
30%
ゆりかもめ U-10 青海
30%
東急大井町線 OM02 下神明
29%
東急大井町線 OM03 戸越公園
29%
京王井の頭線 IN04 池ノ上
29%
西武池袋線 SI07 中村橋
29%
西武新宿線 SS05 新井薬師前
29%
東武スカイツリーライン TS05 東向島
29%
東武スカイツリーライン TS11 五反野
29%
東武スカイツリーライン TS12 梅島
29%
東武東上線 TJ06 ときわ台
29%
京成本線 KS06 京成関屋
29%
京成押上線 KS48 四ツ木
29%
ゆりかもめ U-03 竹芝
29%
都電荒川線 SA13 荒川車庫前
28%
都電荒川線 SA27 鬼子母神前
28%
日暮里・舎人ライナー NT03 赤土小学校前
28%
東急大井町線 OM07 北千束
28%
東急池上線 IK07 洗足池
28%
東急多摩川線 TM04 下丸子
28%
京王井の頭線 IN07 東松原
28%
京王井の頭線 IN11 浜田山
28%
京王井の頭線 IN13 富士見ヶ丘
28%
西武新宿線 SS11 井荻
28%
京成本線 KS11 京成小岩
28%
ゆりかもめ U-04 日の出
28%
都電荒川線 SA26 都電雑司ヶ谷
27%
東急世田谷線 SG04 松陰神社前
27%
西武新宿線 SS06 沼袋
27%
ゆりかもめ U-05 芝浦ふ頭
27%
都電荒川線 SA03 荒川区役所前
26%
都電荒川線 SA17 飛鳥山
26%
東急大井町線 OM05 荏原町
26%
都電荒川線 SA12 荒川遊園地前
25%
都電荒川線 SA25 東池袋四丁目
25%
東急大井町線 OM12 尾山台
25%
東急池上線 IK14 蓮沼
25%
東急多摩川線 TM06 矢口渡
25%
東急世田谷線 SG06 上町
25%
東急世田谷線 SG09 松原
25%
西武池袋線 SI08 富士見台
25%
西武新宿線 SS07 野方
25%
都電荒川線 SA28 学習院下
24%
都電荒川線 SA29 面影橋
24%
東急池上線 IK10 御嶽山
24%
東急多摩川線 TM05 武蔵新田
24%
東急世田谷線 SG03 若林
24%
西武新宿線 SS14 武蔵関
24%
東急多摩川線 TM02 沼部
23%
東急多摩川線 TM03 鵜の木
23%
東急世田谷線 SG02 西太子堂
23%
京成押上線 KS47 八広
23%
都電荒川線 SA21 庚申塚
22%
日暮里・舎人ライナー NT05 足立小台
22%
都電荒川線 SA04 荒川二丁目
21%
都電荒川線 SA20 新庚申塚
21%
東武亀戸線 TS41 小村井
21%
ゆりかもめ U-08 東京国際クルーズターミナル
21%
都電荒川線 SA02 荒川一中前
20%
日暮里・舎人ライナー NT08 江北
20%
都電荒川線 SA05 荒川七丁目
19%
東急池上線 IK08 石川台
18%
東急池上線 IK12 千鳥町
18%
日暮里・舎人ライナー NT06 扇大橋
17%
東急池上線 IK06 長原
17%
東急池上線 IK11 久が原
17%
東急世田谷線 SG07 宮の坂
17%
都電荒川線 SA08 東尾久三丁目
16%
都電荒川線 SA11 小台
16%
都電荒川線 SA24 向原
16%
日暮里・舎人ライナー NT07 高野
16%
都電荒川線 SA14 梶原
15%
都電荒川線 SA22 巣鴨新田
15%
都電荒川線 SA15 栄町
14%
都電荒川線 SA18 滝野川一丁目
14%
都電荒川線 SA19 西ヶ原四丁目
14%
日暮里・舎人ライナー NT10 谷在家
14%
都電荒川線 SA07 町屋二丁目
13%
都電荒川線 SA10 宮ノ前
11%
No matching quizzes found
Score Distribution
Percent of People with Each Score
Percentile by Number Answered
Your Score History
You have not taken this quiz since the last reset